Factors influencing utilisation of adolescent maternal care: an explorative study (Record no. 68406)

000 -LEADER
fixed length control field 00444pab a2200169 454500
008 - FIXED-LENGTH DATA ELEMENTS--GENERAL INFORMATION
fixed length control field 180718b2005 xxu||||| |||| 00| 0 eng d
100 ## - MAIN ENTRY--PERSONAL NAME
Personal name Rahman, M. Mizanur
245 ## - TITLE STATEMENT
Title Factors influencing utilisation of adolescent maternal care: an explorative study
260 ## - PUBLICATION, DISTRIBUTION, ETC.
Date of publication, distribution, etc. 2005
300 ## - PHYSICAL DESCRIPTION
Extent p.24-34.
362 ## - DATES OF PUBLICATION AND/OR SEQUENTIAL DESIGNATION
Dates of publication and/or sequential designation Mar
650 ## - SUBJECT ADDED ENTRY--TOPICAL TERM
Topical term or geographic name entry element Adolescence
700 ## - ADDED ENTRY--PERSONAL NAME
Personal name Shahidullah, M.
700 ## - ADDED ENTRY--PERSONAL NAME
Personal name Kabir, M.
773 ## - HOST ITEM ENTRY
Main entry heading Social Change
909 ## -
-- 68406
Holdings
Withdrawn status Lost status Damaged status Not for loan Permanent Location Current Location Date acquired Serial Enumeration / chronology Barcode Date last seen Price effective from Koha item type
        Indian Institute of Public Administration Indian Institute of Public Administration 2018-07-19 Volume no: 35, Issue no: 1 AR68862 2018-07-19 2018-07-19 Articles

Powered by Koha